000 00479nam a2200181Ia 4500
005 20230405094700.0
008 131103s9999 xx 000 0 und d
020 _a706411749
040 _aLoreto College
041 _aEnglish
082 _a823.08
_bBLA
245 _aEscape stories
_cedited by Elizabeth Bland; illustrated by Malcolm Parter
260 _aLondon
_bOctopus Books
_c1980
300 _a636 p.
700 _aBland,Elizabeth,ed.
850 _aLCLIB
942 _cBK
999 _c4568
_d55047